[Event "SRB-chT3 North CS"]
[Site "Sabac"]
[Date "2014.10.03"]
[Round "2"]
[White "Stevanovic, Milos"]
[Black "Miskovic, Veroljub"]
[Result "1-0"]
[WhiteElo "1611"]
[BlackElo "1611"]
[PlyCount "141"]
[EventDate "2014.10.02"]
[EventType "team-swiss"]
[EventRounds "6"]
[EventCountry "SRB"]
[SourceTitle "EXT 2021"]
[Source "ChessBase"]
[SourceDate "2020.10.23"]
[SourceVersion "1"]
[SourceVersionDate "2020.10.23"]
[SourceQuality "1"]

1. e4 e5 2. Nf3 Nc6 3. d4 exd4 4. Nxd4 Bc5 5. Be3 Qf6 6. c3 Nge7 7. g3 d6 8. Bg2 0-0 9. Qd2 a6 10. a4 Re8 11. 0-0 Ne5 12. b3 Ng4 13. Bg5 Qg6 14. h3 h6 15. Bxe7 Rxe7 16. hxg4 Bxg4 17. b4 Ba7 18. Na3 Rd8 19. Qf4 Bd7 20. Nac2 Rf8 21. Ne3 Ree8 22. Nd5 c6 23. Ne3 Bb8 24. Qf3 c5 25. Ndf5 Bc6 26. Nd5 Qe6 27. Rfe1 Kh7 28. Nfe3 Kg8 29. Qf5 Ba7 30. b5 Bd7 31. b6 Bb8 32. f4 Bc6 33. c4 Kh8 34. Kf2 Kg8 35. Rh1 Bd7 36. g4 Qxf5 37. exf5 f6 38. Rhe1 Bc6 39. Nd1 Kf7 40. Nb2 Rxe1 41. Rxe1 Re8 42. Rxe8 Kxe8 43. Nc7+ Bxc7 44. Bxc6+ bxc6 45. bxc7 Kd7 46. c8Q+ Kxc8 47. Ke3 Kc7 48. a5 Kd7 49. Ke4 Ke7 50. Na4 Kd7 51. Nc3 Ke7 52. Ne2 Kd7 53. Ng1 Ke7 54. Nf3 Kd7 55. g5 hxg5 56. fxg5 Ke7 57. gxf6+ gxf6 58. Nh4 Ke8 59. Ng6 Kf7 60. Nf4 Ke8 61. Kf3 Ke7 62. Kg4 Kd7 63. Kh5 d5 64. cxd5 c4 65. Kg6 c3 66. dxc6+ Kxc6 67. Kxf6 Kb5 68. Ke5 c2 69. Ne2 Kc4 70. Ke4 Kb3 71. f6 1-0